Normal view
MARC view
- Manassah, Jamal T
Entry Personal Name
001 - CONTROL NUMBER
- control field: 95662
003 - CONTROL NUMBER IDENTIFIER
- control field: NUST
005 - DATE AND TIME OF LATEST TRANSACTION
- control field: 20220728150919.0
008 - FIXED-LENGTH DATA ELEMENTS
- fixed length control field: 220728|| aca||aabn | a|a d
040 ## - CATALOGING SOURCE
- Original cataloging agency: NUST
- Transcribing agency: NUST
100 ## - HEADING--PERSONAL NAME
- Personal name: Manassah, Jamal T
670 ## - SOURCE DATA FOUND
- Source citation: Work cat.: (NUST)175296: Manassah, Jamal T., Elementary mathematical and computational tools for electrical and computer engineers using MATLAB /, c2007.
